Drinking Water Quality Assessment Of Nawabshah City And It's Impact On Public Health (Record no. 57635)

MARC details
000 -LEADER
fixed length control field 00433nam a2200157Ia 4500
100 ## - MAIN ENTRY--AUTHOR NAME
Personal name 13CE06
100 ## - MAIN ENTRY--AUTHOR NAME
Personal name Qaiser Mustafa Mughal
245 #0 - TITLE STATEMENT
Title Drinking Water Quality Assessment Of Nawabshah City And It's Impact On Public Health
260 ## - PUBLICATION, DISTRIBUTION, ETC. (IMPRINT)
Place of publication Nawabshah
260 ## - PUBLICATION, DISTRIBUTION, ETC. (IMPRINT)
Name of publisher QUEST
260 ## - PUBLICATION, DISTRIBUTION, ETC. (IMPRINT)
Year of publication 2013
300 ## - PHYSICAL DESCRIPTION
Number of Pages 66
700 ## - ADDED ENTRY--PERSONAL NAME
Personal name Department Of Civil Engineering
Holdings
Withdrawn status Lost status Home library Current library Date acquired Accession Number Koha item type
    Central Library, QUEST, Nawabshah Research Section 13/07/2017 CEP/51-607 Thesis and Dissertation